Регионална библиотека "Любен Каравелов" - Русе

Просто дишай (Запис номер 489815)

MARC детайли
000 -Лидер
Контролно поле с фиксирана дължина 02040nam a2200349 a 4500
003 - Код на организацията, давaща контролен номер
Контролно поле BLK
005 - Дата и час на последна редакция
Контролно поле 20250801123537.0
008 - Елементи от данни с фиксирана дължина
fixed length control field 180408b bul|||||r ||||||| ||bul||
020 ## - Международен стандартен номер на книга ISBN
Международен стандартен номер на книга ISBN 9789544749644
040 ## - Източник на каталожния запис
Идентификатор на билиотеката - собственик на записа BLK
041 ## - Код за език
Код за езика на текст/звукозапис или на отделно заглавие Български
Код за езика КДБФ Български
080 ## - УДК
Текстов определител УДК Особености на духовния живот. Съзнание. Духовно развитие на човека. Диференциална психология. Генетична психология. Еволюционна психология
УДК код - определител по УДК 159.922
УДК - код + определител 159.922
080 ## - УДК
Текстов определител УДК Издания за деца и юноши. Книжки-картинки. Читанки. Вж и 372.4
УДК код - определител по УДК 087.5
УДК определител :159.922
УДК - код + определител 087.5:159.922
100 ## - Редна дума - Автор
Автор Чопра, Малика
R(LIN) 486842
139 ## - Редно поле
Редна дума Чопра, Малика
Авторски знак Чом - Ч 91
245 ## - Сведения за заглавието
Заглавие Просто дишай
Подзаглавни данни Медитация, осъзнаване на момента, движение и още
Редно поле (дума) Малика Чопра ; ил. от Брена Воън ; предисл. Дипак Чопра ; прев. от англ. Мариана Николова.
260 ## - Област на издателските данни
Място на издаване, разпространение и проч. София
Име на издателя, разпространителя и проч. Кибеа
Година на издаване 2022
Печатница София : Симолини 94
9 (RLIN) 209528
300 ## - Физическа характеристика
Страници 128 с.
Илюстрации и др. с цв. ил.
Размери/Мащаб 24 см
380 ## - Жанр
Жанр Детска отраслова лит.
500 ## - Общи забележки
Забележка Ориг. загл.: Just breathe / Mallika Chopra. - Възприетата форма на името на авт. на предисл. Дипак Чопра е Дийпак Чопра. - <br/>Биогр. данни за авт. отбелязани на гърба на кор.
650 #0 - Допълнително описание по предмет – тема
Основно описание – тема или топоним Психология, детска
9 (RLIN) 260666
650 #7 - Допълнително описание по предмет – тема
Основно описание – тема или топоним Медитация
9 (RLIN) 161599
653 #7 - Ключова дума – ненормативна
Ключова дума деца
9 (RLIN) 184884
700 ## - Други автори (авторска отговорност)
Лично име Воън, Брена
Автороска отговорност (Описва отношението между автора и произведението) ил.
9 (RLIN) 486844
700 1# - Други автори (авторска отговорност)
Лично име Чопра, Дийпак
Автороска отговорност (Описва отношението между автора и произведението) предисл.
9 (RLIN) 142219
700 ## - Други автори (авторска отговорност)
Лично име Николова, Мариана Георгиева
Автороска отговорност (Описва отношението между автора и произведението) прев.
9 (RLIN) 370441
852 ## - Местоположение
Форматна сигнатура Цб 316907
Фондова буква Хранилище
856 ## - Електронен адрес и достъп
Инструкция (цена за достъп) 0.00
Права за достъп disable
942 ## - АРТИКУЛИ
Вид на библиотечния материал Книги
Скрит в OPAC Не
Периодичен библиозапис Да
Koha issues (borrowed), all copies 6
944 ## - СЪЗДАВАНЕ И РЕДАКЦИЯ на ЗАПИСА
Създаване/Редакция Създаване
Дата на регистрацията/редакция 2023-03-22
Статус, дата на статуса Анна Гръцманова
Служител, извършил регистрацията/редакцията 30564
999 ## - СИСТЕМНИ КОНТРОЛНИ НОМЕРА
Koha biblionumber 489815
Koha biblioitemnumber 489815
999 ## - СИСТЕМНИ КОНТРОЛНИ НОМЕРА
Koha biblioitemnumber 489815
Наличности
Код за отписване Код за изгубен артикул Източник на класификационната схема Код за повреда Коз за рестрикции Код за отдаване Артикулен № Име на библиотеката - собственик Име на библиотеката, в която се намира в момента Статус (Текущо местоположение) Дата на вписване в системата Местоположение - отдел Цена в лева Инвентарен номер Систематично азбучна сигнатура Баркод Цена в евро Служебен тип на артикула
  Не е изгубен Universal Decimal Classification Не е повреден само за читалня ползва се в читалня 925060 Регионална библиотека "Любен Каравелов" Русе Регионална библиотека "Любен Каравелов" Русе Хранилище 2023-03-27 Хранилище 22.00 120000884253 Цб 316907 120000884253 11.25 Книги
  Не е изгубен Universal Decimal Classification Не е повреден   заемане за дома 933655 Регионална библиотека "Любен Каравелов" Русе Регионална библиотека "Любен Каравелов" Русе Детски отдел 2023-09-15 Детски отдел 20.00 120000892836 ДН 1/Ч 91 М 120000892836 10.23 Книги
  Не е изгубен Universal Decimal Classification Не е повреден   заемане за дома 975341 Регионална библиотека "Любен Каравелов" Русе Регионална библиотека "Любен Каравелов" Русе Детски отдел 2025-06-10 Детски отдел 20.00 120000920348 ДН 1/Ч 91 М 120000920348 10.23 Книги
Vip Innovations Ltd, Rousse, Bulgaria 2025